| 000 | 00403nam a2200145 a 4500 | ||
|---|---|---|---|
| 001 | 929 | ||
| 003 | CDMR | ||
| 005 | 20130116135159.0 | ||
| 008 | 130130s2007||||||||||||||||||||||||||||d | ||
| 040 |
_aCDMR _bcat _cCPC LLEIDA |
||
| 100 | 1 |
_aSolé, Carlota _9725 |
|
| 245 | 1 | 3 |
_aEl empresariado inmigrante en España _cSOLÉ, Carlota, PARELLA, Sònia; |
| 260 |
_aBarcelona _c2007 _bFundació "la Caixa" |
||
| 942 | _cMON | ||
| 999 |
_c929 _d929 |
||